مقدمة في الإرشاد المهني / (رقم التسجيلة. 123272)

تفاصيل مارك
000 -LEADER
fixed length control field 00504nam a22001577a 4500
005 - DATE AND TIME OF LATEST TRANSACTION
control field 20251108175003.0
008 - FIXED-LENGTH DATA ELEMENTS--GENERAL INFORMATION
fixed length control field 250721s2010 xx 000 0 ara d
082 14 - DEWEY DECIMAL CLASSIFICATION NUMBER
Classification number 371.42/زعي
100 1# - MAIN ENTRY--PERSONAL NAME
Personal name زعيزع، عبدالله أبو
Relator term مؤلف
245 10 - TITLE STATEMENT
Title مقدمة في الإرشاد المهني /
264 1# - PRODUCTION, PUBLICATION, DISTRIBUTION, MANUFACTURE, AND COPYRIGHT NOTICE
Place of production, publication, distribution, manufacture عمان :
Name of producer, publisher, distributor, manufacturer دار يافا العلمية للنشر والتوزيع،
Date of production, publication, distribution, manufacture, or copyright notice 2010.
300 ## - PHYSICAL DESCRIPTION
Extent 239 ص.
650 17 - SUBJECT ADDED ENTRY--TOPICAL TERM
Topical term or geographic name as entry element التوجيه المهني
942 ## - ADDED ENTRY ELEMENTS (KOHA)
Source of classification or shelving scheme Dewey Decimal Classification
Koha item type كتب
المقتنيات
حالة السحب حالة الفقدان مصدر التصنيف حالة التلف غير قابل للإعارة المكتبة الرئيسية المكتبة الحالية موقع الرف تاريخ التزويد الرقم المتسلسل Total Checkouts رقم الإستدعاء الباركود تاريخ آخر ظهور تاريخ الفاتورة نوع المادة (كوها)
    Dewey Decimal Classification     المكتبة المركزية المكتبة المركزية الإعارة 28/07/2025 1438320   371.42/زعي PLD00200088 28/07/2025 28/07/2025 كتب
    Dewey Decimal Classification     مكتبة أبو علندا العامة مكتبة أبو علندا العامة الإعارة 10/04/2011 1438331   371.42/زعي PLD00200643 28/07/2025 10/04/2011 كتب
    Dewey Decimal Classification     مكتبة الأميرة ايمان العامة مكتبة الأميرة ايمان العامة الإعارة 10/04/2011 1438332   371.42/زعي PLD00200644 28/07/2025 10/04/2011 كتب
    Dewey Decimal Classification     مكتبة الاميرة بديعة مكتبة الاميرة بديعة الإعارة 10/04/2011 1438333   371.42/زعي PLD00200636 28/07/2025 10/04/2011 كتب
    Dewey Decimal Classification     مكتبة البراعم الواعدة مكتبة البراعم الواعدة الإعارة 10/04/2011 1438325   371.42/زعي PLD00200639 28/07/2025 10/04/2011 كتب
    Dewey Decimal Classification     مكتبة الراية الهاشمية للأطفال مكتبة الراية الهاشمية للأطفال الإعارة 11/02/2015 1591702   371.42/زعي PLD00316185 28/07/2025 11/02/2015 كتب
    Dewey Decimal Classification     مكتبة النصر العامة مكتبة النصر العامة الإعارة 10/04/2011 1438322   371.42/زعي PLD00200632 28/07/2025 10/04/2011 كتب
    Dewey Decimal Classification     مكتبة صويلح العامة مكتبة صويلح العامة الإعارة 10/04/2011 1438321   371.42/زعي PLD00200631 28/07/2025 10/04/2011 كتب
Implemented & Customized by: BBB with SCIT (Smart Chains for Information Technology)

Powered by Koha